Solar magnetic phenomena (Record no. 16113)

MARC details
000 -LEADER
fixed length control field 00965nam a2200241Ia 4500
003 - CONTROL NUMBER IDENTIFIER
control field IN-BaIIA
008 - FIXED-LENGTH DATA ELEMENTS--GENERAL INFORMATION
fixed length control field 211028s9999 xx 000 0 eng d
020 ## - INTERNATIONAL STANDARD BOOK NUMBER
International Standard Book Number 1-4020-2961-6
040 ## - CATALOGING SOURCE
Transcribing agency IIA Library
080 ## - UNIVERSAL DECIMAL CLASSIFICATION NUMBER
Universal Decimal Classification number 52(082.1)
Item number ASS-320
111 ## - MAIN ENTRY--MEETING NAME
Meeting name or jurisdiction name as entry element Summer School and Workshop on Solar Magnetic Phenomena
Number of part/section/meeting 3rd
Location of meeting Austria
Date of meeting or treaty signing 2003 Aug. 25 -Sep 5
9 (RLIN) 29816
245 #0 - TITLE STATEMENT
Title Solar magnetic phenomena
Remainder of title proceedings of the 3rd Summer school and workshop held in Kanzelhohe, Karnten, Austria, 25 Aug - 5 Sep 2003
Statement of responsibility, etc. edited by A. Hanslmeier, A. Veronig and M. Messerotti
260 ## - PUBLICATION, DISTRIBUTION, ETC.
Place of publication, distribution, etc. Dordrecht
Name of publisher, distributor, etc. Springer
Date of publication, distribution, etc. 2003
300 ## - PHYSICAL DESCRIPTION
Extent ix, 283p.
490 ## - SERIES STATEMENT
Series statement Astrophysics and space science library; v. 320
650 ## - SUBJECT ADDED ENTRY--TOPICAL TERM
Topical term or geographic name entry element Solar magnetic fields - congress
9 (RLIN) 29817
650 ## - SUBJECT ADDED ENTRY--TOPICAL TERM
Topical term or geographic name entry element Solar radiation
9 (RLIN) 5007
700 ## - ADDED ENTRY--PERSONAL NAME
Personal name Hanslmeier, A., ed.
700 ## - ADDED ENTRY--PERSONAL NAME
Personal name Messerotti, M., ed.
9 (RLIN) 25745
700 ## - ADDED ENTRY--PERSONAL NAME
Personal name Veronig, A., ed.
9 (RLIN) 25746
710 ## - ADDED ENTRY--CORPORATE NAME
Corporate name or jurisdiction name as entry element Sonnenobservatorium Kanzelhoohe
9 (RLIN) 29818
942 ## - ADDED ENTRY ELEMENTS (KOHA)
Koha item type Books
Holdings
Withdrawn status Lost status Damaged status Not for loan Home library Current library Shelving location Date acquired Source of acquisition Cost, normal purchase price Total Checkouts Full call number Barcode Date last seen Cost, replacement price Price effective from Koha item type Purchase Price
        IIA Library-Bangalore IIA Library-Bangalore General Stacks 21/02/2006 PBPL 6362.93   52(082.1)/ ASS-320 17035 05/11/2021 6362.93 21/02/2006 Books Rs. 6362.93

Powered by Koha